Laddar...

Advances in Carbohydrate Chemistry

Bibliografiska uppgifter
Huvudupphovsmän: Claude S Hudson, Melville L. Wolfrom
Materialtyp: Printed Book
Språk:Undetermined
Publicerad: Academic press inc publishers 1952
Newyork
Ämnen:
LEADER 00702nam a2200241Ia 4500
008 141122s9999 xx 000 0 und d
040 |c . 
041 |a English 
082 |a 572.56 
082 |b HUD/AD.7 
100 |a Claude S Hudson 
100 |a Melville L. Wolfrom 
245 |a Advances in Carbohydrate Chemistry 
245 |c Claude S Hudson 
260 |b Academic press inc publishers 
260 |b Newyork 
260 |c 1952 
300 |a 370 Pages 
500 |a  General (D) 
650 |a Biochemistry 
942 |c BK 
999 |c 12060  |d 12060 
952 |0 0  |1 0  |4 0  |6 572_560000000000000_HUDAD_7  |7 0  |9 11918  |a COVAS  |b COVAS  |d 0000-00-00  |l 1  |o 572.56 HUD/AD.7  |p 3008  |r 2016-01-01  |s 2015-12-08  |w 2014-11-26  |y BK